000 01087nam a22002657a 4500
005 20110214110156.0
008 090211t xxu||||| |||| 00| 0 hin d
010 _aHIN-91864
020 _c200.00
_a9788177112351
035 _aHN-64210
037 _bDBAD / PUB
040 _aDPL
_bHN
082 _a821
100 _aवर्मा, सतीश
_925892
245 _aसौ-सौ चाँद /
_cसतीश वर्मा
246 _aSoe soe chand
_bby satish varma
260 _aजयपुर
_bसाहित्यागार
_c2011
270 _a958, धामाणी मार्केट की गली, चौड़ा रास्ता
_bजयपुर
_e302003
300 _ax,102पृ.
_c22सेमी. (सजिल्द)
650 _91169
_aहिन्दी कविता
650 _925893
_aHindi Poetry
700 _a
_925894
942 _2ddc
_cHN
_h821
_mवर्मास
999 _c50518
_d50518